| 000 | 00401nam a22001577a 4500 | ||
|---|---|---|---|
| 005 | 20241126164723.0 | ||
| 008 | 241126b |||||||| |||| 00| 0 eng d | ||
| 020 | _a9788178845425 | ||
| 050 |
_aPR830. _b.16 PUR |
||
| 100 | _aPURI, KAILASH | ||
| 245 | _aWORLDS GREAT NOVELISTS | ||
| 260 |
_aNEW DELHI _bCYBER TECH PUBLICATIONS _c2010 |
||
| 300 | _a264p | ||
| 500 | _ainclude index | ||
| 942 |
_2lcc _cBK _n0 |
||
| 999 |
_c1567 _d1567 |
||